000 01074cai a2200337 4500
001 L156063
008 120427n2012 000 0 eng u
035 _a(Sirsi) u156063
041 0 _aeng
110 _aNational House Building Council
240 _aNHBC
245 _aNHBC news and events
_bnews and comment
_h[electronic resource]
260 _aMilton Keynes
_bNHBC
_c2012
520 _aNews items and archive of news items from the National House Building Council.
590 _aKA NTK
650 _aNEW HOMES
650 _aSELF BUILD
650 _aBUILDING ACT 1984
650 _aENERGY EFFICIENCY
650 _aBUILDING REGULATIONS PART L
650 _aSTATISTICS
650 _aHOUSING MARKET
650 _aCONTAMINATED LAND
650 0 _aBUILDING REGULATIONS
_96224
650 _aBUILDING CONTROL
_96222
651 4 _aUnited Kingdom
_y
690 _aConstruction management
_96230
690 _aResidential property
_96266
856 4 0 _uhttps://www.nhbc.co.uk/NewsandComment/
_zView the website free of charge at www.nhbc.co.uk
942 _n0
999 _c120974
_d120974